Quizzes
Events
Quiz Creation
Community
Videos
Private Events
Remove Ads
Sign In
Join for FREE
Feedback
Dark Mode
Quiz Categories
Sports
Geography
Music
Movies
Television
Just For Fun
Miscellaneous
History
Literature
Language
Science
Gaming
Entertainment
Religion
Holiday
For Kids
Quiz Lab
Recent
Popular Today
Quiz Kudos Today
Editor Picks
Curator Picks
Quizzes by...
Day
Popularity
Type
Ratings
Length
Year
Community
Subscriptions
Recent Discussions
Orange Saloon
Badges
Playlists
Quests
Create
Leaderboards
Showdown
Live 5
Trivia Bingo
Activity
Puzzle Library
Sporcle Events
Private Events
Virtual Trivia
Globe League
Become a Host
Pub Owners
SporcleCon
Opinionation
Our Games
Videos
Blog
Mobile Apps
Partnerships
Remove Ads and Go Orange
Feedback
Music
Pop Music
The Beatles
Song
Album
Lyrics
Bands
Singers
Artist
Clip
Rock
Rap
Classical
Billboard
Country Music
Kpop
Taylor Swift
Music
Pop Music
The Beatles
Song
Album
Lyrics
Bands
Singers
Artist
Clip
Rock
Rap
Classical
Billboard
Country Music
Kpop
Taylor Swift
Random Quiz
Search Sporcle
×
Quiz Lab
Quiz Lab
Music
Opera
Type in answers that appear in a list
Type in answers that appear in a list
Classic
Best Score? Go Orange.
Metropolitan Opera 2010-11 season Stats
Can you name the Metropolitan Opera 2010-11 season?
By
ZapRowsdower
7m
28 Questions
89 Plays
89 Plays
89 Plays
Comments
Comments
Give Quiz Kudos
Give Quiz Kudos
-
- Ratings
hide this ad
More Info
Replay
Link that replays current quiz
Next Quiz
Link to next quiz in quiz playlist
You Got
0%
They Got
Avg Score
61%
Avg Friend Score
Upgrade to see
Score Distribution
Jump to the score distribution portion of the page
Score
0/28
Timer
07:00
0
Plays Today
Composer
Opera title
% Correct
Bizet
Carmen
95.5%
Puccini
La Bohème
87.6%
Verdi *
La Traviata
83.1%
Mozart
The Magic Flute
79.8%
Puccini
Tosca
79.8%
Donizetti
Lucia di Lammermoor
77.5%
Adams *
Nixon in China
71.9%
Berg
Wozzeck
71.9%
Mozart
Così fan tutte
70.8%
Mussorgsky *
Boris Godunov
69.7%
Wagner *
Die Walküre
69.7%
Gounod
Roméo et Juliette
67.4%
Wagner *
Das Rheingold
67.4%
Offenbach
Les Contes d’Hoffmann
66.3%
Composer
Opera title
% Correct
Verdi
Il Trovatore
66.3%
Verdi
Rigoletto
64%
Tchaikovsky
The Queen of Spades
56.2%
Debussy
Pelléas et Mélisande
55.1%
Donizetti
Don Pasquale
53.9%
Gluck
Orfeo ed Euridice
48.3%
Puccini
La Fanciulla del West
48.3%
R. Strauss
Ariadne auf Naxos
44.9%
Verdi *
Don Carlo
43.8%
R. Strauss
Capriccio
41.6%
Rossini *
Le Comte Ory
37.1%
Verdi
Simon Boccanegra
36%
Gluck
Iphigénie en Tauride
31.5%
Rossini
Armida
28.1%
Quiz Playlist
Details
Report
Send in Message
Add To Playlist
More Info:
* indicates a new production
Classic:
Type in answers that appear in a list
Quiz Source
Last Updated: Feb 16, 2017
Quiz Scoreboard
CHALLENGE
Sign Up to Join the Scoreboard
Show All
Scores
Hide
Comments
May contain spoilers
Recently Published
College Basketball Coaching Resumes
by pancakes188
Sports
9m
Billboard Blitz: Fleetwood Mac
by CooCooCachoo
Music
15s
Presidents Visiting Landmarks
by Hejman
History
7m
More to Explore
Quiz From the Vault
Featured Blog Post
Where Did the Easter Bunny Come From?
hide this ad
You Might Also Like...
Tags
Composer
metropolitan
Opera
season
Today's Top Quizzes in Music
Browse Music
hide this ad
Today's Top Quizzes in Opera
Browse Opera
Top Contributed Quizzes in Music
1
Taylor Swift All Songs (2024)
2
Guess the Artist- 70s Songs
3
7-to-1: Billboard Hot 100 #1 Hits of 2010s
4
Sorting Albums and Songs
5
Taylor Swift Logic Puzzle
6
KPOP LOGIC QUIZ
7
One Thing in Common: Music
8
Guess the Taylor Swift song (Mystery Song)
9
2010s Album by Cover III
10
Guess The Taylor Swift Lyrics Song #1
Explore More
Trending Topics
Harry Potter
Crossword
NBA
Kpop
Disney
Anime
Marvel
Soccer
NFL
The Office
Puzzle
Song
WWE
Country
Pokémon
hide this ad
More By:
ZapRowsdower
Quiz
Plays
Rating
Category
Featured
Created
Language of a Single Phrase
179,897
4.72
Language
Sep 26, 2009
Operas in One Sentence
16,034
4.20
Music
Sep 23, 2009
Classic Comedy Movie Quotes
552
3.88
Movies
Jun 14, 2010
Top Liberal Arts Colleges
522
4.67
Geography
Sep 24, 2009
Backup Bands (Baby Boomer edition)
142
4.33
Music
Dec 8, 2010
Go to Creator's Profile
Score Distribution
Quiz Creator Spotlight
ZapRowsdower
Follow
Send a Message
Quizzes Created
-
Created Quiz Play Count
-
More By This Creator
Popular Quizzes Today
1
Find the US States - No Outlines Minefield
2
Find the Countries of Europe - No Outlines Minefield
3
The Countries of the World
4
Find the US States
5
Risky Map Clicking: Biggest States A-Z
6
US States
7
Popular People in 1961
8
Movies - When Are They Set?
More Music Quizzes
Taylor Swift Songs (Taylor's Version)
Quiz Lab
Trending Quizzes
Risky Map Clicking: Least Populous States A-Z
1-10 Letter G Words
1-10 Letter F Words
Risky Map Clicking: Next State Alphabetically
Risky Map Clicking: Biggest States A-Z
Recently Updated
Leaping Animals
pecheneg
Reality TV Shows (A-Z)
bhenderson79
Rickey Henderson's Hall of Fame Teammates
pecheneg
Champions League XIs: Arsenal
pecheneg
Quick Pick: Celebrities in WWE's Hall of Fame
aduchscher
A-Z Keypad Blitz II
pecheneg
Multiple Oscar Actors
pecheneg
Mystery Phrase Blitz: Oscar 'Best Actors'
pecheneg
F. Scott Fitzgerald Novels
LTH
Pick 3 Villains
ddd62291
Trending Topics
Kpop
Crossword
Harry Potter
Marvel
Disney
NBA
Anime
NFL
Song
Pokémon
The Office
WWE
Country
Puzzle
Soccer
Your Account Isn't Verified!
In order to create a playlist on Sporcle, you need to verify the email address you used during registration. Go to your
Sporcle Settings
to finish the process.
Report this User
Report this user for behavior that violates our
Community Guidelines
.
Details:
Send Report
Go to the Sporcle.com Mobile Site →
Comments